| 000 | 01970 a2200313 4500 | ||
|---|---|---|---|
| 005 | 20211216154339.0 | ||
| 008 | 140513s1997 uy g q mlmul d | ||
| 040 |
_aCO-BoUCM _bspa _cDeissy Garcia (modificó) _dAldemar Mondragón |
||
| 041 | _aeng | ||
| 041 | _aspa | ||
| 092 | _aDVD 1405 | ||
| 245 | 0 | 0 |
_aDante´s Peak _bLa furia de la montaña _cRoger Donaldson, director _h[DVD] |
| 246 | 1 | 3 | _aEl pico de Dante |
| 246 | 1 | 3 | _aUn pueblo llamado Dantes Peak |
| 260 |
_aMontevideo (Uruguay) _bUniversal Pictures _c1997 |
||
| 300 |
_a1 DVD, 108 minutos _bimagen, sonido, color |
||
| 500 | _aSINOPSIS: Sin previo aviso, el día se convierte en noche. El aire se transforma en fuego, y la sólida superficie da paso a un pánico incandescente donde todo se derrite. El vulcanólogo Harry Dalton y la alcalde Rachel Wando del Pico de Dante tratan de convencer al consejo de la ciudad y el resto de los vulcanólogos que el volcán justo por encima del pico de Dante es ciertamente peligroso | ||
| 508 | _aCRÉDITOS: Dirigida por Roger Donaldson ; escrita por Leslie Bohem ; producida por Ilona Herzberg ; música por John Frizzell ; fotografía por Andrzej Bartkowiak ; diseño de producción por Dennis Washington ; dirección de arte por Francis J. Pezza y Thomas T. Taylor ; ambientación por Marvin March ; vestuario por Isis Mussenden ; maquillaje por David Abbott | ||
| 511 | 0 | _aREPARTO: Pierce Brosnan, Linda Hamilton, Jamie Renée Smith, Jeremy Foley, Elizabeth Hoffman, Charles Hallahan, Grant Heslov, Kirk Trutner, Arabella Field, Tzi Ma | |
| 546 | _aAudio en inglés y español. Subtítulos en inglés y español | ||
| 650 | 7 |
_926363 _aVolcanes _vDVD |
|
| 650 | 7 |
_912998 _aDesastres naturales _vDVD |
|
| 650 | 7 |
_951342 _aPelículas de acción _vDVD |
|
| 690 |
_aEntretenimiento _926487 |
||
| 700 | 1 |
_aDonaldson, Roger _edirector _960982 |
|
| 710 | 2 |
_aUniversal Pictures _950661 |
|
| 710 | 2 |
_aPacific Western _960983 |
|
| 942 |
_2LOCAL _a11 _cMULTIMEDIA _e1 |
||
| 999 |
_c242542 _d242542 |
||